005040000a2200145000450024500900000065000320009065000280012265000250015065100320017565300450020704100130025270000220026510000210028777300500030810aDistribution and abundance of manatees along the northern coast of the Gulf of Mexico14aDistribución geográfica14aMamíferos acuáticos14aDensidad poblacional 4lGolfo de MéxicopMéxico gTrichechuseTrichechus manatusvmanatí0 aInglés1 aRathbun, Galen B.1 aPowell, James A.1 tNortheast Gulf Science3244h1q1-28d1984g7